• 首页
  • 本馆介绍
  • 公告通知
  • 最新文献
  • 馆藏检索
  • 电子资源
  • 读者导购
  • 参考咨询
  • 我的图书馆
  • 登录
  • 详细信息显示
  • 放入我的书架
  • 预约/预借图书
  • 作者相关作品
  • 分类相关作品
  • 丛书相关作品
  • 出版社相关作品

书目信息

  • 表格格式
  • 工作单格式
  • 卡片格式
题名:
健康心理学
    
 
作者: 朱丽莎 编著
分册:  
出版信息: 武汉   武汉大学出版社  2014.12
页数: 185页
开本: 26cm
丛书名:
单 册:
中图分类: R395.1
科图分类:
主题词: 健康心理学--高等学校--教材
电子资源:
ISBN: 978-7-307-14779-9
000 00969nam0 2200253 450
001 0120151496674
005 20151231090454.45
010    @a978-7-307-14779-9@dCNY28.00
100    @a20150321d2014 em y0chiy50 ea
101 0  @achi
102    @aCN@b420000
105    @ak z 000yy
106    @ar
200 1  @a健康心理学@9jian kang xin li xue@f朱丽莎编著
210    @a武汉@c武汉大学出版社@d2014.12
215    @a185页@d26cm
300    @a医学人文社科系列教材
330    @a本书共有十四章,涉及情绪与健康、意志与健康、个性与健康、应激与健康、压力与健康、心理障碍与健康、心身疾病与健康、环境适应与健康、社区与健康等内容。
333    @a本教材可供普通高等学校的护理专业、医疗专业、心理学专业、教育学专业、管理学专业的学生作为教材使用,也可用于所有社会人群在维护和完善自身心理健康时作为参考
606 0  @a健康心理学@x高等学校@j教材
690    @aR395.1@v5
701  0 @a朱丽莎@9zhu li sha@4编著
801  0 @aCN@b人天书店@c20150321
905    @b875141-43@dR395.1@e248@f3
    
    健康心理学/朱丽莎编著.-武汉:武汉大学出版社,2014.12
    185页;26cm
    医学人文社科系列教材.-使用对象:本教材可供普通高等学校的护理专业、医疗专业、心理学专业、教育学专业、管理学专业的学生作为教材使用,也可用于所有社会人群在维护和完善自身心理健康时作为参考
    
    ISBN 978-7-307-14779-9:CNY28.00
    本书共有十四章,涉及情绪与健康、意志与健康、个性与健康、应激与健康、压力与健康、心理障碍与健康、心身疾病与健康、环境适应与健康、社区与健康等内容。
●
相关链接 在E读中查询图书 在五车中查询图书 在当当中查询图书 在豆瓣中查询图书


正题名:健康心理学     索取号:R395.1/248         预约/预借

序号 登录号 条形码 馆藏地/架位号 状态 备注
1 875141   208751411   学院路分馆/ [索取号:R395.1/248] 在馆    
2 875142   208751420   学院路分馆/ [索取号:R395.1/248] 在馆    
3 875143   208751439   学院路分馆/ [索取号:R395.1/248] 在馆    
唐山师范学院图书馆 欢迎您!
大连网信软件有限公司© 版权所有